000 00612nam a2200217Ii 4500
001 17133
003 CO-ViMGA
008 241108s9999||||xx |||||||||||||| ||und||
020 _a9872215995
040 _aCO-ViMGA
_bspa
_erda
_cCO-ViMGA
041 0 _aspa
084 _aC IRI
100 1 _aAna Iriarte
_944666
245 1 0 _aEl pelo del león, tucho y alfredo
264 1 _aBuenos Aires, Argentina : Del Naranjo, 2006
300 _avolumen
336 _atext
_btxt
_2rdacontent
337 _aunmediated
_bn
_2rdamedia
338 _avolume
_bnc
_2rdacarrier
940 _aidficha_siabuc: 16799. -- ficha_no_siabuc:17133
999 _c39132
_d39132